[Event "HUN-chT2 Toth 1516"]
[Site "Hungary"]
[Date "2016.04.17"]
[Round "11.12"]
[White "Vertes, Imre"]
[Black "Gazso, Gyorgy"]
[Result "1-0"]
[WhiteElo "1743"]
[BlackElo "1326"]
[PlyCount "85"]
[EventDate "2015.09.13"]
[EventType "team-tourn"]
[EventRounds "11"]
[EventCountry "HUN"]
[SourceTitle "EXT 2017"]
[Source "ChessBase"]
[SourceDate "2016.10.25"]
[SourceVersion "1"]
[SourceVersionDate "2016.10.25"]
[SourceQuality "1"]
[WhiteTeam "Bekes"]
[BlackTeam "Gyula"]
[WhiteTeamCountry "HUN"]
[BlackTeamCountry "HUN"]

1. c4 Nf6 2. Nc3 g6 3. g3 Bg7 4. Bg2 0-0 5. e4 e5 6. Nge2 d6 7. d3 Nc6 8. 0-0 Be6 9. h3 Qd7 10. Kh2 a6 11. Be3 Ne7 12. Qd2 c6 13. f4 Qc8 14. b3 Rd8 15. Qc2 Qc7 16. d4 exd4 17. Nxd4 Bd7 18. Rad1 c5 19. Nf3 h5 20. Rd2 Nc6 21. Rfd1 Nb4 22. Qc1 Be6 23. e5 Ne8 24. a3 Nc6 25. exd6 Nxd6 26. Bxc5 Bf8 27. Bxd6 Bxd6 28. Nd4 Nxd4 29. Rxd4 Rd7 30. Ne4 Be7 31. Rxd7 Bxd7 32. Qc3 Rd8 33. Nf6+ Bxf6 34. Qxf6 Re8 35. Qd4 Re7 36. b4 b6 37. Qd6 Ba4 38. Rd2 Rd7 39. Qxc7 Rxc7 40. Rd4 Re7 41. c5 bxc5 42. bxc5 Rc7 43. Rxa4 1-0